Statistics for 20 Biggest Cities in Denmark

Click here to take the quiz!

General Stats

  • This quiz has been taken 381 times
  • The average score is 12 of 20

Answer Stats

PopulationCity% Correct
1 215 000Copenhagen
100%
250 000Aarhus
97%
170 000Odense
94%
125 000Aalborg
93%
70 000Esbjerg
82%
50 000Roskilde
76%
60 000Randers
69%
50 000Vejle
69%
55 000Kolding
63%
55 000Horsens
58%
45 000Helsingör
54%
45 000Herning
52%
35 000Viborg
48%
40 000Silkeborg
46%
40 000Fredericia
42%
35 000Köge
39%
35 000Holstebro
30%
30 000Taastrup
19%
35 000Hörsholm
17%
40 000Nästved
9%

Score Distribution

Percentile by Number Answered

Percent of People with Each Score

Your Score History

You have not taken this quiz